Tôn Ngô binh pháp

Sách trình bày về binh pháp của Tôn Võ và Ngô Khởi ở Trung Quốc, còn gọi là Tôn tử binh pháp và Ngô tử binh pháp. Tôn tử xem vấn đề binh bị như là một vấn đề quân sự thuần túy. Trái với Tôn tử, Ngô tử ghép chặt vấn đề binh bị vào v...

Disgrifiad llawn

Wedi'i Gadw mewn:
Manylion Llyfryddiaeth
Prif Awdur: Tôn Võ
Fformat: Llyfr
Iaith:Undetermined
Cyhoeddwyd: Thanh Hóa Nxb. Thanh Hóa 1996
Pynciau:
Tagiau: Ychwanegu Tag
Dim Tagiau, Byddwch y cyntaf i dagio'r cofnod hwn!
Thư viện lưu trữ: Trung tâm Học liệu Trường Đại học Cần Thơ
LEADER 01117nam a2200181Ia 4500
001 CTU_16666
008 210402s9999 xx 000 0 und d
082 |a 355.02 
082 |b T454 
100 |a Tôn Võ 
245 0 |a Tôn Ngô binh pháp 
245 0 |c Tôn Võ, Ngô Khởi; Dịch giả: Lê Xuân Mai 
260 |a Thanh Hóa 
260 |b Nxb. Thanh Hóa 
260 |c 1996 
520 |a Sách trình bày về binh pháp của Tôn Võ và Ngô Khởi ở Trung Quốc, còn gọi là Tôn tử binh pháp và Ngô tử binh pháp. Tôn tử xem vấn đề binh bị như là một vấn đề quân sự thuần túy. Trái với Tôn tử, Ngô tử ghép chặt vấn đề binh bị vào vấn đề chính trị. binh pháp của hai nhà kết lại để bổ túc cho nhau mang danh từ chung là "Binh pháp Tôn Ngô", có thể xem là tinh hoa của binh pháp Trung Quốc 
650 |a military art and science,war and warfare 
980 |a Trung tâm Học liệu Trường Đại học Cần Thơ